[Event "Oberliga Nord N 2122"]
[Site "Germany"]
[Date "2022.05.29"]
[Round "5.5"]
[White "Holinka, Henning"]
[Black "Lampe, Dirk"]
[Result "1/2-1/2"]
[WhiteElo "2244"]
[BlackElo "2166"]
[PlyCount "64"]
[EventDate "2021.10.31"]
[EventType "team-tourn"]
[EventRounds "9"]
[EventCountry "GER"]
[SourceTitle "EXT 2024"]
[Source "ChessBase"]
[SourceDate "2023.10.10"]
[SourceVersion "1"]
[SourceVersionDate "2023.10.10"]
[SourceQuality "1"]
[WhiteTeam "Hamburger SK III"]
[BlackTeam "Luebeck"]
[WhiteTeamCountry "GER"]
[BlackTeamCountry "GER"]

1. e4 c5 2. Nf3 g6 3. d4 cxd4 4. Nxd4 Nc6 5. c4 Bg7 6. Be3 Nf6 7. Nc3 d6 8. Be2 0-0 9. 0-0 Bd7 10. f3 Nxd4 11. Bxd4 a5 12. b3 Bc6 13. Qd2 Nd7 14. Be3 Nc5 15. Rab1 e6 16. Rfc1 Be5 17. Bf1 Qe7 18. Rc2 f5 19. exf5 Rxf5 20. a3 Qh4 21. g3 Qf6 22. Nd5 exd5 23. cxd5 Rxf3 24. dxc6 Rxe3 25. Bc4+ Kg7 26. cxb7 Rb8 27. Rf1 Rf3 28. Rxf3 Qxf3 29. Bd5 Qg4 30. b4 Qd4+ 31. Qxd4 Bxd4+ 32. Kg2 Nxb7 1/2-1/2

[Event "GER-ch 92nd"]
[Site "Magdeburg"]
[Date "2021.07.26"]
[Round "2"]
[White "Lampe, Dirk"]
[Black "Hess, Max"]
[Result "0-1"]
[WhiteElo "2160"]
[BlackElo "2413"]
[PlyCount "114"]
[EventDate "2021.07.25"]
[EventType "swiss"]
[EventRounds "9"]
[EventCountry "GER"]
[SourceTitle "CBM 203 Extra"]
[Source "ChessBase"]
[SourceDate "2021.09.30"]
[SourceVersion "1"]
[SourceVersionDate "2021.09.30"]
[SourceQuality "1"]

1. e4 c5 2. Nf3 Nc6 3. d4 cxd4 4. Nxd4 e6 5. Nc3 Qc7 6. Be2 Nf6 7. Be3 Be7 8. f4 d6 9. Qd2 Nxd4 10. Qxd4 0-0 11. 0-0-0 b6 12. e5 dxe5 13. Qxe5 Qb8 14. Nb5 a6 15. Nd6 Nd7 16. Qd4 Nc5 17. Bf3 Ra7 18. Nxc8 Rxc8 19. f5 Bf6 20. Qd6 Rac7 21. Kb1 exf5 22. Rhe1 Ne6 23. Bc1 Rd8 24. Qb4 Rcd7 25. Rxd7 Rxd7 26. Qa4 Qc8 27. c3 b5 28. Qb4 Qc7 29. Qb3 g6 30. h3 Kg7 31. a3 Nc5 32. Qc2 Re7 33. Rxe7 Qxe7 34. c4 Qe5 35. cxb5 axb5 36. Qe2 Ne4 37. Qe3 Bg5 38. Qd3 Bxc1 39. Kxc1 Qf4+ 40. Kc2 Qe5 41. Be2 Qc5+ 42. Kb3 Qf2 43. Qxb5 Qxg2 44. a4 Qxh3+ 45. Kb4 Qe3 46. Qc4 h5 47. a5 Qd2+ 48. Ka4 Qxb2 49. a6 h4 50. Ka5 h3 51. a7 h2 52. Bf3 Qa3+ 53. Kb6 Qxf3 54. a8Q h1Q 55. Qb4 Qe3+ 56. Kc7 Qhc1+ 57. Kb7 Qcc5 0-1

[Event "Oberliga Nord N 1920"]
[Site "Germany"]
[Date "2020.02.09"]
[Round "6.7"]
[White "Lampe, Dirk"]
[Black "Bach, Matthias"]
[Result "0-1"]
[WhiteElo "2153"]
[BlackElo "2227"]
[PlyCount "110"]
[EventDate "2019.09.29"]
[EventType "team-tourn"]
[EventRounds "9"]
[EventCountry "GER"]
[SourceTitle "CBM 195 Extra"]
[Source "ChessBase"]
[SourceDate "2020.05.31"]
[SourceVersion "1"]
[SourceVersionDate "2020.05.31"]
[SourceQuality "1"]

1. e4 c5 2. Nf3 Nf6 3. e5 Nd5 4. Nc3 Nxc3 5. dxc3 e6 6. Bf4 Nc6 7. Qd2 Qc7 8. 0-0-0 a6 9. h4 b5 10. h5 h6 11. Rh4 c4 12. Rg4 Ne7 13. Qe1 Bb7 14. Nd2 Nd5 15. Bg3 Qa5 16. Kb1 Bc6 17. Ne4 Rb8 18. Rd4 b4 19. Bxc4 bxc3 20. Bb3 Bb4 21. Bxd5 Bxd5 22. b3 Kf8 23. Bf4 Qc7 24. Qe3 a5 25. Qg3 Qb6 26. Be3 Qa6 27. Rxg7 Qf1+ 28. Bc1 Bxe4 29. Rxe4 Ba3 30. Rxf7+ Ke8 31. Qf4 Qxc1+ 32. Qxc1 Bxc1 33. Rf3 Bd2 34. Rd3 Rf8 35. f3 Rb4 36. Rxb4 axb4 37. a3 bxa3 38. Ka2 Rf5 39. g4 Rxe5 40. Kxa3 Re3 41. Rxe3 Bxe3 42. Kb4 Bd4 43. Kc4 Be5 44. Kd3 d5 45. Ke3 Bf6 46. f4 Kd7 47. Kd3 Kc6 48. Ke3 Kd6 49. Kd3 e5 50. Kxc3 exf4+ 51. Kd3 Ke5 52. c3 Bd8 53. b4 Bb6 54. c4 dxc4+ 55. Kxc4 f3 0-1

[Event "GER CupT 1920 prel5"]
[Site "Hameln"]
[Date "2020.01.11"]
[Round "1.1"]
[White "Eichstaedt, Mirko"]
[Black "Lampe, Dirk"]
[Result "0-1"]
[WhiteElo "2249"]
[BlackElo "2153"]
[PlyCount "110"]
[EventDate "2020.01.11"]
[EventType "team-k.o."]
[EventRounds "2"]
[EventCountry "GER"]
[SourceTitle "EXT 2021"]
[Source "ChessBase"]
[SourceDate "2020.10.23"]
[SourceVersion "1"]
[SourceVersionDate "2020.10.23"]
[SourceQuality "1"]
[WhiteTeam "DBSB Auswahl"]
[BlackTeam "Luebeck SV"]
[WhiteTeamCountry "GER"]
[BlackTeamCountry "GER"]

1. d4 Nf6 2. Nf3 g6 3. g3 Bg7 4. Bg2 0-0 5. 0-0 d6 6. Re1 Nc6 7. d5 Nb4 8. Nc3 c6 9. e4 Bg4 10. a3 Na6 11. dxc6 bxc6 12. e5 Ne8 13. exd6 exd6 14. Be3 Nec7 15. Bd4 Ne6 16. Bxg7 Kxg7 17. Qd3 Nac5 18. Qe3 Bxf3 19. Bxf3 d5 20. b4 Nd7 21. Ne2 Qf6 22. Bg2 Nb6 23. c3 Rfe8 24. Qd3 Re7 25. Nd4 Rae8 26. Kf1 Nxd4 27. cxd4 Re6 28. Bh3 Re4 29. Rad1 Nc4 30. Rxe4 Rxe4 31. Re1 Rxd4 32. Qc3 Nd2+ 33. Kg2 Ne4 34. Qe3 Rd3 35. Qf4 Qxf4 36. gxf4 Rxa3 37. Bd7 Rc3 38. Ra1 Rc2 39. Rxa7 Rxf2+ 40. Kg1 Rxf4 41. Bxc6 d4 42. b5 Nc5 43. Ra8 d3 44. Rd8 Rb4 45. Rd5 Ne6 46. Kf2 Rb2+ 47. Ke3 Re2+ 48. Kf3 Rxh2 49. b6 Rb2 50. b7 d2 51. Ke3 Nc5 52. Rxd2 Rb3+ 53. Ke2 Nxb7 54. Rd7 Nc5 55. Rc7 Ne6 0-1

[Event "Oberliga Nord N 1920"]
[Site "Germany"]
[Date "2019.10.20"]
[Round "2.6"]
[White "Gottuk, Stefan"]
[Black "Lampe, Dirk"]
[Result "1-0"]
[WhiteElo "2116"]
[BlackElo "2153"]
[PlyCount "137"]
[EventDate "2019.09.29"]
[EventType "team-tourn"]
[EventRounds "9"]
[EventCountry "GER"]
[SourceTitle "CBM 195 Extra"]
[Source "ChessBase"]
[SourceDate "2020.05.31"]
[SourceVersion "1"]
[SourceVersionDate "2020.05.31"]
[SourceQuality "1"]

1. d4 Nf6 2. Bf4 g6 3. Nc3 d5 4. e3 c6 5. Be2 Qb6 6. Na4 Qa5+ 7. c3 Nbd7 8. b4 Qd8 9. Qb3 Bg7 10. Nf3 Ne4 11. c4 e6 12. Nb2 0-0 13. a4 g5 14. Bg3 f5 15. Be5 Nxe5 16. Nxe5 Bxe5 17. dxe5 dxc4 18. Nxc4 b5 19. Nd6 Nxd6 20. Rd1 bxa4 21. Qxa4 Qb6 22. Rxd6 a5 23. Rxc6 Qxb4+ 24. Qxb4 axb4 25. 0-0 Rb8 26. Rb1 b3 27. Rc3 Rd8 28. Rcxb3 Rxb3 29. Rxb3 Rd2 30. Kf1 Rc2 31. f4 g4 32. Rb4 Bd7 33. Rc4 Rb2 34. Rc7 Bb5 35. Bxb5 Rxb5 36. Re7 Rb6 37. Kf2 h6 38. h3 gxh3 39. gxh3 Ra6 40. Kg3 Rb6 41. Kh4 Kf8 42. Rh7 Rb3 43. Rxh6 Kf7 44. Kg5 Rxe3 45. Rh7+ Kg8 46. Re7 Rg3+ 47. Kf6 Rf3 48. Re8+ Kh7 49. Kxe6 Rxf4 50. Rf8 Kg7 51. Rxf5 Ra4 52. Rf7+ Kg6 53. Rd7 Re4 54. Rd3 Kg7 55. Rg3+ Kf8 56. Rg4 Re1 57. h4 Re2 58. h5 Rh2 59. Rf4+ Kg7 60. Ke7 Ra2 61. Rg4+ Kh6 62. e6 Kxh5 63. Rg3 Re2 64. Kf7 Rf2+ 65. Ke8 Kh6 66. e7 Rd2 67. Rg4 Kh5 68. Rg7 Kh6 69. Rf7 1-0

[Event "BL2-Nord 1819"]
[Site "Germany"]
[Date "2019.02.24"]
[Round "8.6"]
[White "Lampe, Dirk"]
[Black "Brodowski, Piotr"]
[Result "1/2-1/2"]
[WhiteElo "2146"]
[BlackElo "2439"]
[PlyCount "99"]
[EventDate "2018.11.10"]
[EventType "team-tourn"]
[EventRounds "10"]
[EventCountry "GER"]
[SourceTitle "CBM 190 Extra"]
[Source "ChessBase"]
[SourceDate "2019.07.15"]
[SourceVersion "1"]
[SourceVersionDate "2019.07.15"]
[SourceQuality "1"]
[WhiteTeam "Luebeck"]
[BlackTeam "Berlin Zehlendorf"]
[WhiteTeamCountry "GER"]
[BlackTeamCountry "GER"]

1. e4 c5 2. Nf3 Nc6 3. d4 cxd4 4. Nxd4 Nf6 5. Nc3 e5 6. Ndb5 d6 7. Bg5 a6 8. Na3 b5 9. Nd5 Be7 10. Bxf6 Bxf6 11. c3 Rb8 12. Nc2 0-0 13. a4 bxa4 14. Nce3 Bg5 15. Qxa4 Ne7 16. Nxe7+ Qxe7 17. Nd5 Qe6 18. h4 Bd8 19. 0-0-0 Bd7 20. Qc2 Qe8 21. Bc4 a5 22. Qd3 Be6 23. f3 Qa4 24. Kb1 Kh8 25. g4 Bc7 26. Rd2 Bd8 27. g5 Bb6 28. Bb5 Qb3 29. Qc4 Qxc4 30. Bxc4 Bc5 31. Kc2 a4 32. Ra1 Ra8 33. Bb5 Ra5 34. Bxa4 Bd7 35. b3 Rfa8 36. Kd3 Bb5+ 37. c4 Bxa4 38. Rxa4 Rxa4 39. bxa4 Rxa4 40. Rb2 h6 41. Rb7 Ra3+ 42. Ke2 hxg5 43. hxg5 Kg8 44. Ne7+ Kh7 45. Nf5 Kg6 46. Nxd6 Bxd6 47. Rb6 Ra2+ 48. Ke3 Ra3+ 49. Ke2 Ra2+ 50. Ke3 1/2-1/2

[Event "BL2-Nord 1819"]
[Site "Germany"]
[Date "2019.02.03"]
[Round "6.6"]
[White "Bruedigam, Martin"]
[Black "Lampe, Dirk"]
[Result "1-0"]
[WhiteElo "2394"]
[BlackElo "2146"]
[PlyCount "91"]
[EventDate "2018.11.10"]
[EventType "team-tourn"]
[EventRounds "10"]
[EventCountry "GER"]
[SourceTitle "CBM 190 Extra"]
[Source "ChessBase"]
[SourceDate "2019.07.15"]
[SourceVersion "1"]
[SourceVersionDate "2019.07.15"]
[SourceQuality "1"]
[WhiteTeam "Berlin Tegel"]
[BlackTeam "Luebeck"]
[WhiteTeamCountry "GER"]
[BlackTeamCountry "GER"]

1. e4 c5 2. Nf3 Nc6 3. Bb5 d6 4. 0-0 Bd7 5. Re1 Nf6 6. c3 a6 7. Bf1 Bg4 8. d3 g6 9. Nbd2 Bh6 10. h3 Bxf3 11. Nxf3 Bxc1 12. Qxc1 Qb6 13. Rb1 Nd7 14. Qh6 Nde5 15. Nd2 f6 16. Be2 Qa7 17. Nf1 Nd8 18. Rbd1 Nef7 19. Qd2 0-0 20. Ne3 Kg7 21. Nd5 b6 22. d4 Nc6 23. Nf4 Ncd8 24. Bc4 Rb8 25. Bxf7 Rxf7 26. e5 dxe5 27. dxe5 Nc6 28. Qd5 Qb7 29. Ne6+ Kg8 30. f4 Na5 31. Qxb7 Nxb7 32. b4 fxe5 33. fxe5 h6 34. Rd7 a5 35. a3 g5 36. Rf1 Rxf1+ 37. Kxf1 axb4 38. axb4 cxb4 39. cxb4 Kh7 40. g4 Kg6 41. Rxe7 h5 42. Kg2 hxg4 43. hxg4 Kh6 44. Nd4 Nd8 45. Nf5+ Kg6 46. Rg7# 1-0

[Event "BL2-Nord 1819"]
[Site "Germany"]
[Date "2019.02.02"]
[Round "5.6"]
[White "Lampe, Dirk"]
[Black "Levin, Felix"]
[Result "0-1"]
[WhiteElo "2146"]
[BlackElo "2481"]
[PlyCount "88"]
[EventDate "2018.11.10"]
[EventType "team-tourn"]
[EventRounds "10"]
[EventCountry "GER"]
[SourceTitle "CBM 190 Extra"]
[Source "ChessBase"]
[SourceDate "2019.07.15"]
[SourceVersion "1"]
[SourceVersionDate "2019.07.15"]
[SourceQuality "1"]
[WhiteTeam "Luebeck"]
[BlackTeam "Lingen"]
[WhiteTeamCountry "GER"]
[BlackTeamCountry "GER"]

1. e4 e5 2. Nf3 Nc6 3. Bb5 a6 4. Ba4 Nf6 5. 0-0 Be7 6. Re1 b5 7. Bb3 d6 8. c3 0-0 9. h3 Nb8 10. d4 Nbd7 11. Nbd2 Bb7 12. Bc2 c5 13. d5 c4 14. b3 cxb3 15. axb3 Qc7 16. c4 b4 17. Nf1 Nc5 18. g4 Rfb8 19. Ng3 g6 20. Re2 a5 21. Ne1 a4 22. Rb1 Ba6 23. bxa4 Bxc4 24. Bd3 Nxa4 25. Bb2 Nc3 26. Bxc3 bxc3 27. Bxc4 Qxc4 28. Rxb8+ Rxb8 29. Qd3 Rb4 30. Qxc4 Rxc4 31. Nc2 Nd7 32. Ne3 Rc8 33. Rc2 Bd8 34. Ne2 Ba5 35. Ra2 Bb6 36. Rc2 Bd4 37. Kg2 Nc5 38. Kf3 Nd3 39. Ng2 Nb4 40. Rc1 c2 41. Nxd4 exd4 42. Ne1 d3 43. Ke3 Na2 44. Nxd3 Rc3 0-1

[Event "BL2-Nord 1819"]
[Site "Germany"]
[Date "2018.12.15"]
[Round "3.8"]
[White "Wlodarczyk, Oskar"]
[Black "Lampe, Dirk"]
[Result "1/2-1/2"]
[WhiteElo "2246"]
[BlackElo "2146"]
[PlyCount "27"]
[EventDate "2018.11.10"]
[EventType "team-tourn"]
[EventRounds "10"]
[EventCountry "GER"]
[SourceTitle "CBM 190 Extra"]
[Source "ChessBase"]
[SourceDate "2019.07.15"]
[SourceVersion "1"]
[SourceVersionDate "2019.07.15"]
[SourceQuality "1"]
[WhiteTeam "Ruedersdorf Glueckauf"]
[BlackTeam "Luebeck"]
[WhiteTeamCountry "GER"]
[BlackTeamCountry "GER"]

1. e4 c5 2. c3 Nf6 3. e5 Nd5 4. d4 cxd4 5. cxd4 d6 6. Nf3 Nc6 7. Bc4 dxe5 8. dxe5 Nb6 9. Qxd8+ Nxd8 10. Bb5+ Nc6 11. Nc3 Bd7 12. Be3 e6 13. 0-0 Bb4 14. a4 1/2-1/2

[Event "BL2-Nord 1819"]
[Site "Germany"]
[Date "2018.11.10"]
[Round "1.8"]
[White "Lampe, Dirk"]
[Black "Groetzbach, Julian"]
[Result "1/2-1/2"]
[WhiteElo "2146"]
[BlackElo "2247"]
[PlyCount "171"]
[EventDate "2018.11.10"]
[EventType "team-tourn"]
[EventRounds "10"]
[EventCountry "GER"]
[SourceTitle "CBM 190 Extra"]
[Source "ChessBase"]
[SourceDate "2019.07.15"]
[SourceVersion "1"]
[SourceVersionDate "2019.07.15"]
[SourceQuality "1"]
[WhiteTeam "Luebeck"]
[BlackTeam "Hamburger SK II"]
[WhiteTeamCountry "GER"]
[BlackTeamCountry "GER"]

1. e4 c5 2. Nf3 e6 3. d4 cxd4 4. Nxd4 Nc6 5. Nc3 Qc7 6. Be3 a6 7. Be2 Nf6 8. 0-0 Bb4 9. Nxc6 bxc6 10. Qd4 c5 11. Qc4 0-0 12. Bf3 d6 13. Rad1 Nd7 14. Bf4 Nb6 15. Qb3 Rd8 16. Na4 Nxa4 17. Qxa4 e5 18. Bg5 f6 19. Be3 Rb8 20. c3 Ba5 21. Rd2 Be6 22. Rfd1 Bb6 23. b3 c4 24. Bxb6 Rxb6 25. b4 Kf7 26. h3 Ke7 27. Bg4 Bf7 28. h4 Qb7 29. Qc2 h5 30. Bf3 g5 31. hxg5 fxg5 32. Be2 Rg8 33. a4 g4 34. Rd5 Rc6 35. Qd2 Rg6 36. b5 Bxd5 37. Qc2 Be6 38. bxc6 Qxc6 39. Qd2 Qc5 40. Rb1 Bd7 41. Rb7 Kd8 42. Rb8+ Ke7 43. Qe3 Qxe3 44. fxe3 Bxa4 45. Bxc4 Bc6 46. Bd3 a5 47. Rb6 Kd7 48. Ra6 a4 49. Ra7+ Ke6 50. Rh7 g3 51. Rxh5 Rg4 52. Rh6+ Ke7 53. Rh7+ Kd8 54. Ra7 Kc8 55. Ra5 Kb7 56. Kf1 Bxe4 57. Bxe4+ Rxe4 58. Ke2 Kb6 59. Ra8 Rh4 60. Kf3 Kb5 61. Kxg3 Rc4 62. Kf3 Rxc3 63. g4 d5 64. g5 Rc6 65. Rd8 Kc4 66. Ra8 Kb3 67. Rb8+ Kc3 68. Ra8 Kb3 69. Rb8+ Kc4 70. Ra8 Kb4 71. Rb8+ Kc3 72. Ra8 d4 73. exd4 exd4 74. Rxa4 d3 75. Ke4 d2 76. Ra1 Rc5 77. Kf4 Kd3 78. Rd1 Rc1 79. Rxd2+ Kxd2 80. g6 Rg1 81. Kf5 Ke3 82. Kf6 Rf1+ 83. Ke6 Rg1 84. Kf6 Kf4 85. g7 Rxg7 86. Kxg7 1/2-1/2

[Event "Berlin Lichtenberger op 17th"]
[Site "Berlin"]
[Date "2018.08.21"]
[Round "4"]
[White "Lampe, Dirk"]
[Black "Heppert, Lars"]
[Result "1/2-1/2"]
[WhiteElo "2188"]
[BlackElo "1925"]
[PlyCount "72"]
[EventDate "2018.08.18"]
[EventType "swiss"]
[EventRounds "9"]
[EventCountry "GER"]
[SourceTitle "CBM 186 Extra"]
[Source "ChessBase"]
[SourceDate "2018.08.24"]
[SourceVersion "1"]
[SourceVersionDate "2018.08.24"]
[SourceQuality "1"]

1. e4 c5 2. Nf3 g6 3. d4 cxd4 4. Nxd4 Nc6 5. c4 Bg7 6. Be3 Nf6 7. Nc3 d6 8. Be2 Bd7 9. 0-0 0-0 10. Qd2 Nxd4 11. Bxd4 Bc6 12. f3 Nd7 13. Be3 a5 14. b3 Nc5 15. Rfc1 Be5 16. Rc2 e6 17. Bg5 f6 18. Bh4 g5 19. Bg3 Bxg3 20. hxg3 Qe7 21. Nd1 f5 22. exf5 exf5 23. Ne3 Qe5 24. Rd1 Rae8 25. Nf1 Rf6 26. Qxg5+ Rg6 27. Qd2 Qg7 28. Qd4 Qf7 29. Rcd2 Re5 30. Bd3 Nxd3 31. Rxd3 f4 32. Qxf4 Qxf4 33. gxf4 Re2 34. g4 Rxg4+ 35. fxg4 Rg2+ 36. Kh1 Rd2+ 1/2-1/2

[Event "Oberliga Nord N 1718"]
[Site "Germany"]
[Date "2018.01.21"]
[Round "5.6"]
[White "Lampe, Dirk"]
[Black "Rittemann, Steffen"]
[Result "1/2-1/2"]
[WhiteElo "2203"]
[BlackElo "2173"]
[PlyCount "32"]
[EventDate "2017.10.08"]
[EventType "team-tourn"]
[EventRounds "9"]
[EventCountry "GER"]
[SourceTitle "EXT 2019"]
[Source "ChessBase"]
[SourceDate "2018.10.10"]
[SourceVersion "1"]
[SourceVersionDate "2018.10.10"]
[SourceQuality "1"]
[WhiteTeam "Luebeck"]
[BlackTeam "Schwerin"]
[WhiteTeamCountry "GER"]
[BlackTeamCountry "GER"]

1. e4 c5 2. Nf3 d6 3. d4 cxd4 4. Nxd4 Nf6 5. Nc3 a6 6. Be2 e5 7. Nb3 Be7 8. 0-0 0-0 9. Qd3 Be6 10. Nd5 Bxd5 11. exd5 Nbd7 12. Rd1 Rc8 13. c4 Ne8 14. Bg4 e4 15. Qh3 Nef6 16. Be2 Ne5 1/2-1/2

[Event "Bayern-chI Bank Hofmann 21st"]
[Site "Tegernsee"]
[Date "2017.11.05"]
[Round "9"]
[White "Staudacher, Thomas"]
[Black "Lampe, Dirk"]
[Result "1-0"]
[WhiteElo "2064"]
[BlackElo "2207"]
[PlyCount "81"]
[EventDate "2017.10.28"]
[EventType "swiss"]
[EventRounds "9"]
[EventCountry "GER"]
[SourceTitle "EXT 2019"]
[Source "ChessBase"]
[SourceDate "2018.10.10"]
[SourceVersion "1"]
[SourceVersionDate "2018.10.10"]
[SourceQuality "1"]

1. e4 d6 2. d4 Nf6 3. Nc3 Nbd7 4. f3 e5 5. Nge2 c6 6. g4 h6 7. Be3 Qa5 8. Qd2 d5 9. 0-0-0 dxe4 10. dxe5 Nxe5 11. Nxe4 Qxd2+ 12. Nxd2 Be7 13. Bd4 Ng6 14. h4 c5 15. Bc3 Bd7 16. h5 Nf8 17. Nc4 Bc6 18. Ne5 Nd5 19. Nxc6 Nxc3 20. Nxc3 bxc6 21. Bc4 Ne6 22. Bxe6 fxe6 23. Rhe1 Kf7 24. Rd7 Rhd8 25. Red1 Ke8 26. Rb7 Bg5+ 27. Kb1 Rxd1+ 28. Nxd1 Rd8 29. Nc3 Rd2 30. Rxa7 Rf2 31. a4 Rxf3 32. a5 c4 33. a6 Be3 34. Rxg7 Rf7 35. Rxf7 Kxf7 36. Ne4 Ke7 37. g5 hxg5 38. h6 Kf8 39. Nxg5 e5 40. Ne6+ Kg8 41. Nd8 1-0

[Event "Oberliga Nord N 1718"]
[Site "Germany"]
[Date "2017.10.23"]
[Round "2.5"]
[White "Lampe, Dirk"]
[Black "Schueler, Hendrik"]
[Result "1-0"]
[WhiteElo "2203"]
[BlackElo "2121"]
[PlyCount "65"]
[EventDate "2017.10.08"]
[EventType "team-tourn"]
[EventRounds "9"]
[EventCountry "GER"]
[SourceTitle "EXT 2019"]
[Source "ChessBase"]
[SourceDate "2018.10.10"]
[SourceVersion "1"]
[SourceVersionDate "2018.10.10"]
[SourceQuality "1"]
[WhiteTeam "Luebeck"]
[BlackTeam "Eppendorf Johanneum"]
[WhiteTeamCountry "GER"]
[BlackTeamCountry "GER"]

1. e4 e6 2. d4 d5 3. Nc3 Bb4 4. e5 c5 5. a3 Bxc3+ 6. bxc3 Ne7 7. Nf3 Bd7 8. a4 Qa5 9. Bd2 Nbc6 10. Bb5 Qc7 11. 0-0 c4 12. Re1 0-0-0 13. Bc1 f5 14. Ng5 Rdf8 15. Ba3 Kd8 16. Qh5 g6 17. Qh6 f4 18. Bxc6 Nf5 19. Qh3 Qxc6 20. Bxf8 Rxf8 21. Qxh7 Be8 22. Reb1 Kc8 23. a5 Kb8 24. Rb4 Qd7 25. Rab1 Qxh7 26. Nxh7 Rf7 27. Ng5 Re7 28. Nxe6 Rxe6 29. Rxb7+ Kc8 30. Rb8+ Kc7 31. R1b7+ Kc6 32. Rxa7 Nd6 33. Rb6# 1-0

[Event "Oberliga Nord N 1617"]
[Site "Germany"]
[Date "2017.05.07"]
[Round "9.5"]
[White "Stephan, Axel"]
[Black "Lampe, Dirk"]
[Result "1/2-1/2"]
[WhiteElo "2198"]
[BlackElo "2239"]
[PlyCount "25"]
[EventDate "2016.10.16"]
[EventType "team-tourn"]
[EventRounds "9"]
[EventCountry "GER"]
[SourceTitle "EXT 2018"]
[Source "ChessBase"]
[SourceDate "2017.10.13"]
[SourceVersion "1"]
[SourceVersionDate "2017.10.13"]
[SourceQuality "1"]
[WhiteTeam "Hamburg Diogenes"]
[BlackTeam "Luebeck"]
[WhiteTeamCountry "GER"]
[BlackTeamCountry "GER"]

1. Nf3 Nf6 2. g3 g6 3. Bg2 Bg7 4. 0-0 0-0 5. c4 d6 6. d4 c6 7. Nc3 Qa5 8. d5 cxd5 9. cxd5 Bd7 10. a3 Rc8 11. Nd4 Na6 12. h3 Be8 13. Be3 1/2-1/2

[Event "Oberliga Nord N 1617"]
[Site "Germany"]
[Date "2017.03.19"]
[Round "7.6"]
[White "Lampe, Dirk"]
[Black "Jaeckle, Marco"]
[Result "0-1"]
[WhiteElo "2239"]
[BlackElo "2215"]
[PlyCount "84"]
[EventDate "2016.10.16"]
[EventType "team-tourn"]
[EventRounds "9"]
[EventCountry "GER"]
[SourceTitle "EXT 2018"]
[Source "ChessBase"]
[SourceDate "2017.10.13"]
[SourceVersion "1"]
[SourceVersionDate "2017.10.13"]
[SourceQuality "1"]
[WhiteTeam "Luebeck"]
[BlackTeam "Hamburg Schachfreunde"]
[WhiteTeamCountry "GER"]
[BlackTeamCountry "GER"]

1. e4 e6 2. d4 d5 3. Nc3 Nf6 4. Bg5 Be7 5. e5 Nfd7 6. Bxe7 Qxe7 7. f4 a6 8. Nf3 c5 9. Qd2 Nc6 10. dxc5 Nxc5 11. 0-0-0 b5 12. Qe3 Qa7 13. Ne2 Bd7 14. Kb1 0-0-0 15. Ned4 Nxd4 16. Nxd4 Qc7 17. h4 h5 18. Rh3 Kb8 19. Qe1 Qb6 20. a3 Rc8 21. Re3 g6 22. g3 Rc7 23. c3 Rhc8 24. Kc1 Na4 25. Kb1 Nc5 26. Rd2 a5 27. Nc2 Nb3 28. Rd1 Rb7 29. Nd4 Nc5 30. Be2 Na4 31. Bf1 Ka8 32. b3 b4 33. cxb4 axb4 34. axb4 Qxb4 35. Qxb4 Rxb4 36. Rdd3 Nc5 37. Rd2 Ne4 38. Rxe4 dxe4 39. Bg2 Bc6 40. Rd1 Rd8 41. Nxc6 Rxd1+ 42. Kc2 Rg1 0-1

[Event "Oberliga Nord N 1617"]
[Site "Germany"]
[Date "2017.02.19"]
[Round "6.6"]
[White "Dettmann, Steffen"]
[Black "Lampe, Dirk"]
[Result "1-0"]
[WhiteElo "2186"]
[BlackElo "2239"]
[PlyCount "81"]
[EventDate "2016.10.16"]
[EventType "team-tourn"]
[EventRounds "9"]
[EventCountry "GER"]
[SourceTitle "EXT 2018"]
[Source "ChessBase"]
[SourceDate "2017.10.13"]
[SourceVersion "1"]
[SourceVersionDate "2017.10.13"]
[SourceQuality "1"]
[WhiteTeam "Hamburg Koenigsspringer"]
[BlackTeam "Luebeck"]
[WhiteTeamCountry "GER"]
[BlackTeamCountry "GER"]

1. e4 c5 2. Nf3 Nc6 3. d3 g6 4. Be2 Bg7 5. 0-0 d6 6. c3 Nf6 7. h3 0-0 8. Be3 e5 9. a3 Re8 10. b4 c4 11. dxc4 Nxe4 12. Qc2 f5 13. Rd1 Qe7 14. c5 dxc5 15. Nbd2 Nxd2 16. Rxd2 cxb4 17. axb4 e4 18. Bc4+ Kh8 19. Bc5 Qf6 20. Rd6 Qxc3 21. Ng5 Qxa1+ 22. Rd1 Qxd1+ 23. Qxd1 h6 24. Nf7+ Kh7 25. b5 Ne5 26. Nxe5 Rxe5 27. Qd6 Rxc5 28. Qxc5 f4 29. Qc7 Bf5 30. Qxf4 Rc8 31. Bd5 Rc5 32. Qd6 b6 33. g4 Bc8 34. Bxe4 Kg8 35. Bxg6 Be5 36. Qd8+ Kg7 37. Be4 Kf7 38. Bc6 Be6 39. Qe8+ Kf6 40. Qf8+ Kg5 41. Qe7+ 1-0

[Event "Oberliga Nord N 1516"]
[Site "Germany"]
[Date "2016.01.17"]
[Round "5.5"]
[White "Zieher, Hartmut"]
[Black "Lampe, Dirk"]
[Result "1/2-1/2"]
[WhiteElo "2320"]
[BlackElo "2251"]
[PlyCount "61"]
[EventDate "2015.09.20"]
[EventType "team-tourn"]
[EventRounds "9"]
[EventCountry "GER"]
[SourceTitle "CBM 170 Extra"]
[Source "ChessBase"]
[SourceDate "2016.02.25"]
[SourceVersion "1"]
[SourceVersionDate "2016.02.25"]
[SourceQuality "1"]
[WhiteTeam "Hamburger SK III"]
[BlackTeam "Luebeck"]
[WhiteTeamCountry "GER"]
[BlackTeamCountry "GER"]

1. e4 d6 2. d4 Nf6 3. Nc3 c6 4. a4 e5 5. Nf3 Nbd7 6. Bc4 Be7 7. 0-0 0-0 8. Qe2 b6 9. dxe5 dxe5 10. Rd1 Qc7 11. Nh4 a6 12. Nf5 Nc5 13. Qf3 Be6 14. Bxe6 Nxe6 15. Be3 Bc5 16. Bxc5 bxc5 17. Qd3 Rab8 18. b3 Nd4 19. Nxd4 cxd4 20. Nb1 a5 21. Nd2 Nd7 22. Rac1 Nc5 23. Qc4 Ne6 24. c3 Rfd8 25. Nf3 c5 26. cxd4 exd4 27. e5 Qb7 28. Nd2 h5 29. h4 d3 30. Kh2 Rd5 31. Qc3 1/2-1/2

[Event "Oberliga Nord N 1516"]
[Site "Germany"]
[Date "2015.09.20"]
[Round "1.5"]
[White "Rittemann, Steffen"]
[Black "Lampe, Dirk"]
[Result "0-1"]
[WhiteElo "2166"]
[BlackElo "2258"]
[PlyCount "74"]
[EventDate "2015.09.20"]
[EventType "team-tourn"]
[EventRounds "9"]
[EventCountry "GER"]
[SourceTitle "CBM 170 Extra"]
[Source "ChessBase"]
[SourceDate "2016.02.25"]
[SourceVersion "1"]
[SourceVersionDate "2016.02.25"]
[SourceQuality "1"]
[WhiteTeam "Schwerin"]
[BlackTeam "Luebeck"]
[WhiteTeamCountry "GER"]
[BlackTeamCountry "GER"]

1. e4 c5 2. Nf3 Nc6 3. c3 Nf6 4. e5 Nd5 5. d4 cxd4 6. cxd4 d6 7. Bc4 Nb6 8. Bb5 dxe5 9. Nxe5 Bd7 10. Nxd7 Qxd7 11. Nc3 e6 12. 0-0 Rd8 13. Be3 Be7 14. Qg4 0-0 15. Rad1 f5 16. Qg3 Nd5 17. Bg5 Bxg5 18. Qxg5 Qd6 19. Rfe1 Nf4 20. d5 exd5 21. Bc4 h6 22. Qg3 Ne7 23. Bb3 g5 24. h4 Rf7 25. hxg5 hxg5 26. Nxd5 Nexd5 27. Bxd5 Nxd5 28. Re8+ Kh7 29. Rxd8 Qxd8 30. Qe5 Rd7 31. Qxf5+ Kh6 32. Rd3 Nf6 33. Rh3+ Kg7 34. Qxg5+ Kf7 35. Rh6 Rd1+ 36. Kh2 Qd6+ 37. f4 Ng4+ 0-1